| 000 | 01297cam a2200277 a 4500 | ||
|---|---|---|---|
| 001 | 1246 | ||
| 005 | 20230821150635.0 | ||
| 008 | 921214s1992 nyua 000 1 eng | ||
| 020 | _a0895774151 | ||
| 040 |
_aDLC _cDLC _dDLC _beng |
||
| 050 | 0 | 0 |
_aPS1322 _b.C4 1997. |
| 082 | 0 | 0 |
_a813/.4 _220 |
| 100 | 1 |
_aTwain, Mark, _d1835-1910. |
|
| 245 | 1 | 4 |
_aThe celebrated jumping frog, and other stories / _cMark Twain ; illustrations by Joseph Ciardiello ; afterword by Edward Wagenknecht. |
| 260 |
_aPleasantville, N.Y. : _bReader's Digest Association, _c1997. |
||
| 300 |
_a86 pages : _bIllustrations ; _c18 cm |
||
| 490 | 0 | _aThe World's best reading | |
| 505 | _aZ | ||
| 520 | _aDuring his life, Mark Twain was known worldwide for his tales and sketches, many of them humorous. He first made his name with pieces like "The Celebrated Jumping Frog of Calaveras County," full of local color and slang. His humor later acquired an edge. In "The Man that Corrupted Hadleyburg," uncontrollable greed undoes an entire community. | ||
| 521 |
_a1000
_bLexile |
||
| 521 |
_aR
_bRaz-Plus |
||
| 650 | 0 | _aHumorous stories, American. | |
| 700 | 1 | 2 |
_aTwain, Mark, _d1835-1910. _tCelebrated jumping frog of Calaveras County. |
| 906 |
_a7 _bcbc _corignew _d3 _eopcn _f19 _gy-gencatlg |
||
| 942 |
_2ddc _cBK _n0 |
||
| 999 |
_c1246 _d1246 |
||